000 00288nam a22001337a 4500
008 171130b xxu||||| |||| 00| 0 eng d
020 _a0873959957
041 _aeng
080 _a94
100 _a17
101 _aHIS
245 _aDISENCHANTED REALISTS
_cSEIDELMAN,R
942 _2udc
_cBK
999 _c38635
_d38635